000 00478nam a2200169 4500
003 OSt
005 20230824114158.0
008 708 R549v
040 _cLado V
082 _a708
_bH474h
130 _aHelene Black
_leng
245 _aHelene Black/
260 _aMonagri
_bThe Monagri Foundation
_c2001
300 _a48p.
_c21x29.5 cm
650 _xarte contemporáneo
_xarte - exhibiciones
_xarte - Monagri
_xfotografía
_96495
942 _2ddc
_c1
_h708
_iH474h
_n0
999 _c4216
_d4216